[Event "BCF-chT 0304 (4NCL)"]
[Site "West Bromwich"]
[Date "2004.05.23"]
[Round "11.3"]
[White "Juanoobi, Ali"]
[Black "Ledger, Andrew"]
[Result "1/2-1/2"]
[WhiteElo "2264"]
[BlackElo "2443"]
[PlyCount "33"]
[EventDate "2003.10.18"]
[EventType "team"]
[EventRounds "11"]
[EventCountry "ENG"]
[SourceTitle "EXT 2005"]
[Source "ChessBase"]
[SourceDate "2004.11.15"]
[SourceVersion "1"]
[SourceVersionDate "2004.11.15"]
[SourceQuality "1"]
[WhiteTeam "Numerica 3CS"]
[BlackTeam "BET"]
[WhiteTeamCountry "ENG"]
[BlackTeamCountry "ENG"]

1. d4 Nf6 2. Nf3 g6 3. Bg5 Bg7 4. Nbd2 0-0 5. e4 d5 6. Bd3 dxe4 7. Nxe4 Nxe4 8. Bxe4 c5 9. c3 cxd4 10. Nxd4 Qc7 11. Qb3 Nd7 12. Nb5 Qa5 13. Be3 a6 14. Na7 Nc5 15. Bxc5 Qxc5 16. Nxc8 Raxc8 17. 0-0 1/2-1/2